[Event "PervenstvoRT2015"]
[Site "?"]
[Date "2015.08.24"]
[Round "5.5"]
[White "Bulat, Nizamov"]
[Black "Darya, Kuznetsova"]
[Result "1/2-1/2"]
[LiveChessVersion "1.4.6"]
[BlackElo "1918"]
[WhiteElo "2117"]

1. d4 {[%clk 1:20:28]} e6 {[%clk 1:30:52]} 2. c4 {[%clk 1:20:46]} c5
{[%clk 1:31:19]} 3. d5 {[%clk 1:21:08]} exd5 {[%clk 1:31:44]} 4. cxd5
{[%clk 1:21:32]} d6 {[%clk 1:32:11]} 5. Nc3 {[%clk 1:21:46]} a6 {[%clk 1:32:36]}
6. a4 {[%clk 1:21:59]} Ne7 {[%clk 1:33:02]} 7. e4 {[%clk 1:21:26]} Ng6
{[%clk 1:33:27]} 8. Nf3 {[%clk 1:21:47]} Be7 {[%clk 1:33:53]} 9. g3
{[%clk 1:21:06]} O-O {[%clk 1:34:17]} 10. Bg2 {[%clk 1:21:30]} Re8
{[%clk 1:34:26]} 11. O-O {[%clk 1:21:15]} Bf6 {[%clk 1:34:02]} 12. Nd2
{[%clk 1:19:52]} Nd7 {[%clk 1:34:21]} 13. h3 {[%clk 1:19:39]} Rb8
{[%clk 1:34:42]} 14. Nc4 {[%clk 1:18:58]} Qc7 {[%clk 1:35:04]} 15. a5
{[%clk 1:10:53]} Nge5 {[%clk 1:32:56]} 16. Nxe5 {[%clk 1:10:08]} Nxe5
{[%clk 1:30:55]} 17. f4 {[%clk 1:09:38]} Nc4 {[%clk 1:29:33]} 18. Qa4
{[%clk 1:09:29]} Bd4+ {[%clk 1:14:33]} 19. Kh2 {[%clk 1:09:05]} Bxh3
{[%clk 1:04:45]} 20. Qxc4 {[%clk 1:05:07]} Bg4 {[%clk 0:58:24]} 21. f5
{[%clk 0:58:09]} h5 {[%clk 0:56:51]} 22. Bh3 {[%clk 0:56:19]} Bxh3
{[%clk 0:52:25]} 23. Kxh3 {[%clk 0:56:44]} Qe7 {[%clk 0:52:08]} 24. Bf4
{[%clk 0:56:37]} g5 {[%clk 0:41:18]} 25. Bd2 {[%clk 0:54:32]} b5 {[%clk 0:37:56]}
26. axb6 {[%clk 0:49:30]} Rxb6 {[%clk 0:38:17]} 27. Na4 {[%clk 0:47:14]} Qxe4
{[%clk 0:27:59]} 28. Rae1 {[%clk 0:46:17]} Qg4+ {[%clk 0:28:02]} 29. Kg2
{[%clk 0:45:40]} Rbb8 {[%clk 0:24:41]} 30. Qd3 {[%clk 0:42:41]} h4
{[%clk 0:22:29]} 31. Rxe8+ {[%clk 0:36:46]} Rxe8 {[%clk 0:22:55]} 32. Re1
{[%clk 0:37:10]} Be5 {[%clk 0:19:56]} 33. Nb6 {[%clk 0:36:38]} Rb8
{[%clk 0:17:55]} 34. Rxe5 {[%clk 0:34:00]} dxe5 {[%clk 0:10:47]} 35. Nd7
{[%clk 0:34:24]} e4 {[%clk 0:07:00]} 36. Nf6+ {[%clk 0:30:49]} Kf8
{[%clk 0:04:57]} 37. Nxg4 {[%clk 0:30:31]} exd3 {[%clk 0:05:25]} 38. Bc3
{[%clk 0:30:53]} c4 {[%clk 0:04:17]} 39. gxh4 {[%clk 0:28:16]} gxh4
{[%clk 0:04:41]} 40. Kh3 {[%clk 0:27:41]} a5 {[%clk 0:03:38]} 41. Ne3
{[%clk 0:24:06]} Rb5 {[%clk 0:01:56]} 42. Kxh4 {[%clk 0:21:06]} a4
{[%clk 0:02:03]} 43. Nxc4 {[%clk 0:16:49]} Rxd5 {[%clk 0:01:59]} 44. Kg4
{[%clk 0:16:54]} Kg8 {[%clk 0:01:35]} 45. Ne3 {[%clk 0:14:09]} Rc5
{[%clk 0:01:17]} 46. Nd1 {[%clk 0:14:15]} f6 {[%clk 0:00:39]} 47. Kf4
{[%clk 0:14:02]} Kf7 {[%clk 0:00:43]} 48. Ke4 {[%clk 0:13:05]} Kg7
{[%clk 0:00:59]} 49. Ne3 {[%clk 0:10:33]} a3 {[%clk 0:00:45]} 50. Kxd3
{[%clk 0:10:41]} axb2 {[%clk 0:01:00]} 51. Bxb2 {[%clk 0:11:03]} Kf7
{[%clk 0:01:19]} 52. Ke4 {[%clk 0:10:38]} Ra5 {[%clk 0:01:21]} 53. Bd4
{[%clk 0:10:53]} Ra4 {[%clk 0:01:17]} 54. Nd5 {[%clk 0:09:07]} Ra6
{[%clk 0:01:19]} 55. Nc3 {[%clk 0:08:24]} Ra5 {[%clk 0:01:11]} 56. Ne2
{[%clk 0:06:12]} Kg7 {[%clk 0:01:07]} 57. Nf4 {[%clk 0:06:26]} Kf7
{[%clk 0:01:33]} 58. Ne6 {[%clk 0:06:32]} Rb5 {[%clk 0:01:10]} 59. Bc5
{[%clk 0:06:21]} Ra5 {[%clk 0:00:48]} 60. Kd5 {[%clk 0:06:09]} Ra1
{[%clk 0:00:53]} 61. Kc6 {[%clk 0:04:19]} Rf1 {[%clk 0:00:52]} 62. Nd4
{[%clk 0:04:18]} Ra1 {[%clk 0:00:58]} 63. Kd7 {[%clk 0:02:55]} Rd1
{[%clk 0:01:05]} 64. Kc6 {[%clk 0:03:03]} Ra1 {[%clk 0:01:28]} 65. Nb5
{[%clk 0:03:26]} Rf1 {[%clk 0:00:50]} 66. Nd6+ {[%clk 0:03:20]} Kg7
{[%clk 0:00:44]} 67. Kd7 {[%clk 0:03:29]} Re1 {[%clk 0:00:36]} 68. Bd4
{[%clk 0:02:39]} Rd1 {[%clk 0:00:50]} 69. Bb6 {[%clk 0:02:16]} Rd2
{[%clk 0:00:36]} 70. Bd8 {[%clk 0:02:21]} Rd1 {[%clk 0:00:48]} 71. Be7
{[%clk 0:02:33]} Rd2 {[%clk 0:00:51]} 72. Ke8 {[%clk 0:02:54]} Re2
{[%clk 0:00:57]} 73. Nb5 {[%clk 0:02:39]} Re1 {[%clk 0:00:32]} 74. Nd4
{[%clk 0:02:53]} Re5 {[%clk 0:00:41]} 75. Kd7 {[%clk 0:01:41]} Kf7
{[%clk 0:00:59]} 76. Bd6 {[%clk 0:01:19]} Rd5 {[%clk 0:01:17]} 77. Nc6
{[%clk 0:01:26]} Rxf5 {[%clk 0:01:15]} 78. Nd8+ {[%clk 0:01:47]} Kg6
{[%clk 0:01:41]} 79. Ne6 {[%clk 0:02:08]} Rf1 {[%clk 0:01:51]} 80. Nd4
{[%clk 0:02:10]} Kg5 {[%clk 0:01:56]} 81. Ke6 {[%clk 0:02:28]} f5
{[%clk 0:02:04]} 82. Kd5 {[%clk 0:02:48]} Kg4 {[%clk 0:02:06]} 83. Ne6
{[%clk 0:03:04]} Ra1 {[%clk 0:02:14]} 84. Be5 {[%clk 0:03:07]} Rd1+
{[%clk 0:02:05]} 85. Kc4 {[%clk 0:03:18]} Kf3 {[%clk 0:02:20]} 86. Bd4
{[%clk 0:02:49]} Ke4 {[%clk 0:02:19]} 87. Ng5+ {[%clk 0:03:14]} Kf4
{[%clk 0:02:41]} 88. Nh3+ {[%clk 0:03:28]} Kf3 {[%clk 0:02:55]} 89. Nf2
{[%clk 0:02:24]} Rf1 {[%clk 0:02:41]} 90. Nd3 {[%clk 0:02:36]} Rh1
{[%clk 0:02:04]} 91. Kd5 {[%clk 0:02:24]} Rd1 {[%clk 0:01:39]} 92. Kc4
{[%clk 0:02:16]} Rb1 {[%clk 0:01:16]} 93. Kc3 {[%clk 0:01:20]} Rb7
{[%clk 0:01:19]} 94. Be5 {[%clk 0:00:50]} Ra7 {[%clk 0:01:12]} 95. Bb8
{[%clk 0:00:38]} Ra8 {[%clk 0:01:24]} 96. Bh2 {[%clk 0:00:37]} Ke4
{[%clk 0:01:15]} 97. Nf2+ {[%clk 0:00:44]} Ke3 {[%clk 0:01:29]} 98. Nd1+
{[%clk 0:00:57]} Kf3 {[%clk 0:01:48]} 99. Nb2 {[%clk 0:01:02]} Ke4
{[%clk 0:01:16]} 100. Nc4 {[%clk 0:00:58]} f4 {[%clk 0:00:49]} 101. Bg1
{[%clk 0:01:03]} Kf3 {[%clk 0:00:59]} 102. Bb6 {[%clk 0:01:07]} Ke2
{[%clk 0:01:00]} 103. Ne5 {[%clk 0:00:59]} f3 {[%clk 0:00:55]} 104. Ng4
{[%clk 0:01:07]} Rb8 {[%clk 0:00:53]} 105. Bc5 {[%clk 0:01:08]} Rg8
{[%clk 0:01:03]} 106. Ne5 {[%clk 0:00:37]} Rc8 {[%clk 0:01:07]} 107. Nxf3
{[%clk 0:00:48]} Kxf3 {[%clk 0:01:27]} 108. Kb4 {[%clk 0:00:48]} Ke4
{[%clk 0:01:49]} 109. Kb5 {[%clk 0:00:54]} Kd5 {[%clk 0:02:14]} 110. Be3
{[%clk 0:00:49]} Rb8+ {[%clk 0:02:36]} 111. Ka6 {[%clk 0:01:06]} Kc6
{[%clk 0:02:32]} 112. Ka7 {[%clk 0:01:21]} Re8 {[%clk 0:02:43]} 113. Bf2
{[%clk 0:01:28]} Rg8 {[%clk 0:02:28]} 114. Be3 {[%clk 0:01:36]} Rg7+
{[%clk 0:01:22]} 115. Ka8 {[%clk 0:01:59]} Kb5 {[%clk 0:00:45]} 116. Bf4
{[%clk 0:02:03]} Kb6 {[%clk 0:00:41]} 117. Be5 {[%clk 0:01:11]} Rg5
{[%clk 0:00:56]} 118. Bf4 {[%clk 0:01:06]} Ra5+ {[%clk 0:00:58]} 119. Kb8
{[%clk 0:01:30]} Ka6 {[%clk 0:01:08]} 120. Kc7 {[%clk 0:01:27]} Rb5
{[%clk 0:01:01]} 121. Kc6 {[%clk 0:01:08]} Rb4 {[%clk 0:01:13]} 122. Be3
{[%clk 0:01:16]} Rc4+ {[%clk 0:01:28]} 123. Bc5 {[%clk 0:01:27]} Rc2
{[%clk 0:01:38]} 124. Kd5 {[%clk 0:01:40]} Kb5 {[%clk 0:01:39]} 125. Bd4
{[%clk 0:01:55]} Re2 {[%clk 0:01:16]} 126. Bc5 {[%clk 0:01:56]} Re8
{[%clk 0:01:27]} 127. Bd4 {[%clk 0:02:12]} Rd8+ {[%clk 0:01:32]} 128. Ke4
{[%clk 0:02:35]} Kc4 {[%clk 0:01:56]} 129. Be3 {[%clk 0:02:56]} Kc3
{[%clk 0:01:51]} 130. Kf3 {[%clk 0:03:01]} Rg8 {[%clk 0:02:02]} 131. Bf2
{[%clk 0:02:51]} Kd3 {[%clk 0:02:03]} 132. Bc5 {[%clk 0:03:00]} Rg6
{[%clk 0:02:14]} 133. Ba7 {[%clk 0:03:07]} Rf6+ {[%clk 0:02:23]} 134. Kg2
{[%clk 0:03:30]} Ke2 {[%clk 0:02:25]} 135. Bb8 {[%clk 0:03:05]} Rg6+
{[%clk 0:02:49]} 136. Kh1 {[%clk 0:03:24]} Kf3 {[%clk 0:03:02]} 137. Ba7
{[%clk 0:03:16]} Rc6 {[%clk 0:03:19]} 138. Bd4 {[%clk 0:02:41]} Kg3
{[%clk 0:03:17]} 139. Be5+ {[%clk 0:02:36]} Kh3 {[%clk 0:03:45]} 140. Kg1
{[%clk 0:02:38]} Rc2 {[%clk 0:03:57]} 141. Bd4 {[%clk 0:02:17]} Kg3
{[%clk 0:03:45]} 142. Be5+ {[%clk 0:02:09]} Kf3 {[%clk 0:04:04]} 143. Kh1
{[%clk 0:02:04]} Kf2 {[%clk 0:04:04]} 144. Bd4+ {[%clk 0:02:23]} Kf1
{[%clk 0:04:16]} 145. Be5 {[%clk 0:02:26]} Rc5 {[%clk 0:04:33]} 146. Bd6
{[%clk 0:02:43]} Rh5+ {[%clk 0:04:58]} 147. Bh2 {[%clk 0:03:05]} Rg5
{[%clk 0:05:05]} 148. Bb8 {[%clk 0:02:57]} Rg8 {[%clk 0:05:29]} 149. Bd6
{[%clk 0:02:50]} Rg6 {[%clk 0:05:54]} 150. Bb8 {[%clk 0:03:04]} Rb6
{[%clk 0:05:55]} 151. Be5 {[%clk 0:03:09]} Re6 {[%clk 0:05:59]} 152. Bb8
{[%clk 0:03:17]} Rh6+ {[%clk 0:05:46]} 153. Bh2 {[%clk 0:03:34]} Rh3
{[%clk 0:05:32]} 1/2-1/2

[Event "PervenstvoRT2015"]
[Site "?"]
[Date "2015.08.24"]
[Round "5.6"]
[White "Ainur, Garafutdinov"]
[Black "Albert, Suleimanov"]
[Result "1/2-1/2"]
[LiveChessVersion "1.4.6"]
[BlackElo "1930"]
[WhiteElo "1946"]

1. e4 {[%clk 1:30:57]} c5 {[%clk 1:30:56]} 2. Nc3 {[%clk 1:31:25]} Nc6
{[%clk 1:31:22]} 3. g3 {[%clk 1:31:52]} d6 {[%clk 1:31:47]} 4. Bg2
{[%clk 1:32:20]} g6 {[%clk 1:32:13]} 5. d3 {[%clk 1:32:47]} Bg7 {[%clk 1:32:40]}
6. Be3 {[%clk 1:33:14]} e6 {[%clk 1:32:34]} 7. Qd2 {[%clk 1:33:40]} h5
{[%clk 1:26:51]} 8. h4 {[%clk 1:33:48]} Nge7 {[%clk 1:26:30]} 9. Nd1
{[%clk 1:28:25]} b6 {[%clk 1:25:16]} 10. Nh3 {[%clk 1:23:29]} Bb7
{[%clk 1:24:32]} 11. O-O {[%clk 1:22:51]} Qd7 {[%clk 1:19:26]} 12. Rb1
{[%clk 1:19:26]} Ne5 {[%clk 1:11:03]} 13. f3 {[%clk 1:10:09]} d5 {[%clk 1:05:11]}
14. Qe2 {[%clk 1:06:27]} O-O {[%clk 0:57:51]} 15. Ndf2 {[%clk 1:01:28]} dxe4
{[%clk 0:48:59]} 16. fxe4 {[%clk 0:59:30]} N7c6 {[%clk 0:48:49]} 17. g4
{[%clk 0:56:27]} hxg4 {[%clk 0:47:49]} 18. Nxg4 {[%clk 0:56:54]} Nd4
{[%clk 0:45:28]} 19. Bxd4 {[%clk 0:53:50]} Qxd4+ {[%clk 0:45:05]} 20. Kh1
{[%clk 0:53:07]} c4 {[%clk 0:29:25]} 21. Nxe5 {[%clk 0:50:27]} Qxe5
{[%clk 0:29:35]} 22. dxc4 {[%clk 0:50:22]} Rad8 {[%clk 0:29:18]} 23. b3
{[%clk 0:47:37]} Rd4 {[%clk 0:27:20]} 24. Rbe1 {[%clk 0:43:00]} Qg3
{[%clk 0:22:04]} 25. Qf2 {[%clk 0:29:44]} Be5 {[%clk 0:22:08]} 26. Nf4
{[%clk 0:29:59]} Bxf4 {[%clk 0:21:39]} 27. Qxf4 {[%clk 0:30:24]} Qxf4
{[%clk 0:21:53]} 28. Rxf4 {[%clk 0:30:54]} e5 {[%clk 0:22:05]} 29. Rf2
{[%clk 0:28:19]} Kg7 {[%clk 0:21:00]} 30. Kh2 {[%clk 0:26:41]} Rfd8
{[%clk 0:20:18]} 31. Kg3 {[%clk 0:23:34]} Rd2 {[%clk 0:19:13]} 32. Ree2
{[%clk 0:21:17]} Rxe2 {[%clk 0:19:17]} 33. Rxe2 {[%clk 0:21:44]} Rd1
{[%clk 0:17:31]} 34. Kf2 {[%clk 0:17:54]} Kh6 {[%clk 0:13:02]} 35. Bf3
{[%clk 0:17:45]} a5 {[%clk 0:12:45]} 36. a4 {[%clk 0:18:07]} Bc6 {[%clk 0:12:49]}
37. Ke3 {[%clk 0:17:28]} Kg7 {[%clk 0:10:15]} 38. h5 {[%clk 0:16:33]} Rd8
{[%clk 0:09:28]} 39. hxg6 {[%clk 0:16:53]} fxg6 {[%clk 0:09:03]} 40. Rg2
{[%clk 0:16:36]} Kf6 {[%clk 0:08:52]} 41. Rh2 {[%clk 0:16:25]} Kg7
{[%clk 0:09:05]} 42. Rh1 {[%clk 0:15:58]} Rd7 {[%clk 0:08:25]} 43. c3
{[%clk 0:14:45]} Rd8 {[%clk 0:08:03]} 44. Bg4 {[%clk 0:14:55]} Rd6
{[%clk 0:07:57]} 45. Ra1 {[%clk 0:13:52]} Bb7 {[%clk 0:06:37]} 46. Be2
{[%clk 0:13:35]} Bc6 {[%clk 0:04:20]} 47. Bd1 {[%clk 0:09:38]} g5
{[%clk 0:03:59]} 48. Bg4 {[%clk 0:09:52]} Bd7 {[%clk 0:03:19]} 49. Bxd7
{[%clk 0:08:31]} Rxd7 {[%clk 0:03:46]} 50. Rf1 {[%clk 0:08:45]} Kg6
{[%clk 0:03:45]} 51. Rf5 {[%clk 0:08:17]} Re7 {[%clk 0:04:10]} 52. Rf8
{[%clk 0:08:37]} Re6 {[%clk 0:04:06]} 53. Rc8 {[%clk 0:08:28]} g4
{[%clk 0:04:02]} 54. c5 {[%clk 0:08:44]} bxc5 {[%clk 0:02:46]} 55. Rxc5
{[%clk 0:09:12]} Kg5 {[%clk 0:02:58]} 56. Rxa5 {[%clk 0:09:31]} g3
{[%clk 0:02:49]} 57. Rd5 {[%clk 0:09:32]} Kg4 {[%clk 0:03:02]} 58. Rd1
{[%clk 0:09:38]} Rf6 {[%clk 0:02:16]} 59. a5 {[%clk 0:09:57]} Rf3+
{[%clk 0:01:38]} 60. Ke2 {[%clk 0:10:18]} Rxc3 {[%clk 0:01:42]} 61. a6
{[%clk 0:09:35]} Rxb3 {[%clk 0:01:36]} 62. Ra1 {[%clk 0:09:55]} Rb8
{[%clk 0:01:22]} 63. a7 {[%clk 0:10:19]} Ra8 {[%clk 0:01:45]} 64. Ke1 1/2-1/2

[Event "PervenstvoRT2015"]
[Site "?"]
[Date "2015.08.24"]
[Round "5.7"]
[White "Dmitry, Tartakovskiy"]
[Black "Roman, Pirmamedov"]
[Result "0-1"]
[LiveChessVersion "1.4.6"]
[BlackElo "1848"]
[WhiteElo "1536"]

1. e4 {[%clk 1:29:14]} c5 {[%clk 1:31:00]} 2. Nf3 {[%clk 1:28:59]} e6
{[%clk 1:31:25]} 3. d4 {[%clk 1:29:26]} cxd4 {[%clk 1:31:49]} 4. Nxd4
{[%clk 1:29:47]} Nf6 {[%clk 1:32:16]} 5. Nc3 {[%clk 1:30:10]} Bb4
{[%clk 1:32:42]} 6. e5 {[%clk 1:30:31]} Nd5 {[%clk 1:33:02]} 7. Qg4
{[%clk 1:28:57]} g6 {[%clk 1:30:10]} 8. Qh3 {[%clk 1:24:47]} Qc7 {[%clk 1:29:51]}
9. Bd2 {[%clk 1:22:36]} Qxe5+ {[%clk 1:30:16]} 10. Nde2 {[%clk 1:22:43]} Bxc3
{[%clk 1:28:46]} 11. Bxc3 {[%clk 1:23:01]} Nxc3 {[%clk 1:29:11]} 12. Qxc3
{[%clk 1:23:20]} Qxc3+ {[%clk 1:29:18]} 13. Nxc3 {[%clk 1:23:45]} d5
{[%clk 1:29:21]} 14. Nb5 {[%clk 1:24:06]} Kd7 {[%clk 1:28:49]} 15. O-O-O
{[%clk 1:24:25]} a6 {[%clk 1:29:14]} 16. Na3 {[%clk 1:24:20]} b5 {[%clk 1:28:14]}
17. c4 {[%clk 1:24:35]} bxc4 {[%clk 1:28:31]} 18. Nxc4 {[%clk 1:24:59]} Ke7
{[%clk 1:28:33]} 19. Nb6 {[%clk 1:16:10]} Ra7 {[%clk 1:28:57]} 20. Na4
{[%clk 1:14:49]} Bd7 {[%clk 1:28:44]} 21. Nc3 {[%clk 1:15:14]} Rc8
{[%clk 1:28:39]} 22. Kb1 {[%clk 1:15:39]} Nc6 {[%clk 1:29:01]} 23. Bd3
{[%clk 1:15:06]} Kf8 {[%clk 1:27:48]} 24. h4 {[%clk 1:13:50]} h5 {[%clk 1:27:09]}
25. f4 {[%clk 1:03:51]} Rb8 {[%clk 1:25:51]} 26. g4 {[%clk 0:55:33]} Rab7
{[%clk 1:20:47]} 27. Rd2 {[%clk 0:55:39]} Na5 {[%clk 1:12:28]} 28. gxh5
{[%clk 0:54:10]} gxh5 {[%clk 1:11:32]} 29. Bxa6 {[%clk 0:49:21]} Rc7
{[%clk 1:11:05]} 30. Ka1 {[%clk 0:43:23]} Ra7 {[%clk 1:11:01]} 31. Rg2
{[%clk 0:38:19]} Rxa6 {[%clk 1:11:05]} 32. f5 {[%clk 0:38:24]} e5
{[%clk 1:05:10]} 33. Nxd5 Nb3+ {[%clk 1:05:30]} 34. Kb1 {[%clk 0:37:04]} Bxf5+
{[%clk 1:05:53]} 35. Rc2 {[%clk 0:37:03]} Nd4 {[%clk 1:06:08]} 36. Ne3
{[%clk 0:37:17]} Bxc2+ {[%clk 1:06:10]} 0-1

[Event "PervenstvoRT2015"]
[Site "?"]
[Date "2015.08.24"]
[Round "5.8"]
[White "Imanuil, Peisakhov"]
[Black "Kirill, Akifiev"]
[Result "1-0"]
[LiveChessVersion "1.4.6"]
[BlackElo "1823"]
[WhiteElo "1897"]

1. e4 {[%clk 1:30:59]} c5 {[%clk 1:30:54]} 2. Ne2 {[%clk 1:31:25]} Nc6
{[%clk 1:30:40]} 3. g3 {[%clk 1:31:43]} d6 {[%clk 1:29:15]} 4. Bg2
{[%clk 1:32:09]} Bg4 {[%clk 1:28:15]} 5. Nbc3 {[%clk 1:31:52]} Nf6
{[%clk 1:28:35]} 6. h3 {[%clk 1:32:09]} Bd7 {[%clk 1:27:58]} 7. O-O
{[%clk 1:32:34]} g6 {[%clk 1:15:02]} 8. Kh2 {[%clk 1:32:32]} Bg7 {[%clk 1:15:27]}
9. d3 {[%clk 1:32:43]} O-O {[%clk 1:15:51]} 10. f4 {[%clk 1:33:01]} e6
{[%clk 1:10:54]} 11. g4 {[%clk 1:29:38]} h6 {[%clk 1:05:21]} 12. Ng3
{[%clk 1:28:48]} Nd4 {[%clk 1:03:07]} 13. Nce2 {[%clk 1:25:37]} Nxe2
{[%clk 1:01:09]} 14. Qxe2 {[%clk 1:25:30]} Bc6 {[%clk 1:01:15]} 15. f5
{[%clk 1:21:11]} g5 {[%clk 0:50:37]} 16. c3 {[%clk 1:16:11]} Nd7 {[%clk 0:50:25]}
17. Nh5 {[%clk 1:13:53]} Be5+ {[%clk 0:49:56]} 18. Kh1 {[%clk 1:13:48]} Nf6
{[%clk 0:49:04]} 19. Be3 {[%clk 1:10:30]} Nxh5 {[%clk 0:48:59]} 20. gxh5
{[%clk 1:10:51]} exf5 {[%clk 0:44:18]} 21. Rxf5 {[%clk 1:06:30]} Bd7
{[%clk 0:44:38]} 22. Rf2 {[%clk 1:04:15]} Qc8 {[%clk 0:27:58]} 23. d4
{[%clk 1:02:16]} cxd4 {[%clk 0:28:22]} 24. cxd4 {[%clk 1:02:01]} Bg7
{[%clk 0:28:21]} 25. Rc1 {[%clk 1:01:14]} Qd8 {[%clk 0:28:47]} 26. Qf3
{[%clk 0:55:49]} f5 {[%clk 0:24:39]} 27. exf5 {[%clk 0:54:18]} Rxf5
{[%clk 0:25:02]} 28. Qg3 {[%clk 0:51:43]} Rxf2 {[%clk 0:23:29]} 29. Qxf2
{[%clk 0:50:47]} Rc8 {[%clk 0:20:32]} 30. Rxc8 {[%clk 0:43:30]} Bxc8
{[%clk 0:20:57]} 31. Bd5+ {[%clk 0:31:10]} Kh8 {[%clk 0:21:14]} 32. Qf7
{[%clk 0:30:35]} Qf8 {[%clk 0:17:19]} 33. Kg2 {[%clk 0:29:42]} Qxf7
{[%clk 0:17:37]} 34. Bxf7 {[%clk 0:29:52]} Bf6 {[%clk 0:17:56]} 35. Bd5
{[%clk 0:28:44]} Kg7 {[%clk 0:18:17]} 36. b4 {[%clk 0:27:02]} b6 {[%clk 0:18:22]}
37. a4 {[%clk 0:26:25]} Bd8 {[%clk 0:15:15]} 38. Bc6 {[%clk 0:24:42]} Kf6
{[%clk 0:12:53]} 39. h4 {[%clk 0:21:47]} Kf5 {[%clk 0:10:30]} 40. Kf3
{[%clk 0:19:34]} Kf6 {[%clk 0:06:06]} 41. hxg5+ {[%clk 0:17:59]} hxg5
{[%clk 0:06:31]} 42. Be4 {[%clk 0:18:12]} Kg7 {[%clk 0:06:35]} 43. Bg6
{[%clk 0:14:59]} Be6 {[%clk 0:06:16]} 44. Ke4 {[%clk 0:14:21]} Bb3
{[%clk 0:04:32]} 45. Kf5 {[%clk 0:11:20]} Bxa4 {[%clk 0:04:55]} 46. Ke6
{[%clk 0:11:32]} a5 {[%clk 0:04:54]} 47. bxa5 {[%clk 0:11:25]} bxa5
{[%clk 0:05:20]} 48. Kxd6 {[%clk 0:11:44]} Bb3 {[%clk 0:05:06]} 49. d5
{[%clk 0:11:09]} a4 {[%clk 0:04:37]} 50. Bc5 {[%clk 0:08:43]} Bf6
{[%clk 0:04:27]} 51. Kc6 {[%clk 0:08:00]} Bb2 {[%clk 0:04:25]} 52. d6
{[%clk 0:08:07]} a3 {[%clk 0:04:43]} 53. Bb1 {[%clk 0:03:37]} a2 {[%clk 0:05:09]}
54. Bxa2 {[%clk 0:03:49]} Bxa2 {[%clk 0:05:34]} 55. d7 {[%clk 0:04:08]} Bf6
{[%clk 0:05:43]} 56. Bd4 {[%clk 0:04:28]} 1-0

[Event "PervenstvoRT2015"]
[Site "?"]
[Date "2015.08.24"]
[Round "5.9"]
[White "Adelya, Tukaeva"]
[Black "Bogdan, Bogatov"]
[Result "0-1"]
[LiveChessVersion "1.4.6"]
[BlackElo "1660"]
[WhiteElo "2016"]

1. e4 {[%clk 1:30:57]} c5 {[%clk 1:30:48]} 2. Nf3 {[%clk 1:31:21]} d6
{[%clk 1:31:09]} 3. Bb5+ {[%clk 1:31:45]} Nd7 {[%clk 1:29:00]} 4. O-O
{[%clk 1:26:18]} a6 {[%clk 1:29:08]} 5. Bxd7+ {[%clk 1:23:17]} Qxd7
{[%clk 1:28:37]} 6. Nc3 {[%clk 1:14:31]} e6 {[%clk 1:28:19]} 7. d4
{[%clk 1:07:20]} cxd4 {[%clk 1:28:38]} 8. Qxd4 {[%clk 1:07:19]} Nf6
{[%clk 1:28:20]} 9. Bg5 {[%clk 1:00:23]} Be7 {[%clk 1:28:04]} 10. Rad1
{[%clk 0:57:25]} b5 {[%clk 1:23:45]} 11. Bxf6 {[%clk 0:31:32]} Bxf6
{[%clk 1:22:39]} 12. Qxd6 {[%clk 0:27:53]} Qxd6 {[%clk 1:22:40]} 13. Rxd6
{[%clk 0:28:17]} Bxc3 {[%clk 1:22:59]} 14. bxc3 {[%clk 0:28:27]} Bb7
{[%clk 1:23:02]} 15. Ng5 {[%clk 0:13:00]} O-O {[%clk 1:17:55]} 16. f3
{[%clk 0:12:53]} Rac8 {[%clk 1:16:59]} 17. Rd3 {[%clk 0:10:10]} Rc7
{[%clk 1:16:50]} 18. Rfd1 {[%clk 0:10:05]} h6 {[%clk 1:17:02]} 19. Nh3
{[%clk 0:10:15]} f5 {[%clk 1:11:07]} 20. exf5 {[%clk 0:06:18]} Rxf5
{[%clk 1:09:31]} 21. Rd8+ {[%clk 0:02:19]} Kh7 {[%clk 1:09:30]} 22. R8d7
{[%clk 0:02:36]} Rfc5 {[%clk 0:55:26]} 23. Nf4 {[%clk 0:00:48]} Rxd7
{[%clk 0:43:53]} 24. Rxd7 {[%clk 0:01:13]} Bc8 {[%clk 0:43:42]} 25. Rd6
{[%clk 0:00:32]} Rxc3 {[%clk 0:42:52]} 26. Nxe6 {[%clk 0:00:36]} Rxc2
{[%clk 0:40:41]} 27. Nf8+ {[%clk 0:00:59]} Kg8 {[%clk 0:40:41]} 28. Ng6
{[%clk 0:01:20]} Kf7 {[%clk 0:38:12]} 29. Ne5+ {[%clk 0:01:19]} Ke7
{[%clk 0:37:54]} 30. Rc6 {[%clk 0:00:42]} Rxc6 {[%clk 0:37:04]} 31. Nxc6+
{[%clk 0:01:10]} Kd6 {[%clk 0:37:08]} 32. Nb4 {[%clk 0:00:47]} a5
{[%clk 0:36:03]} 33. Nd3 {[%clk 0:00:59]} b4 {[%clk 0:35:17]} 34. Kf2
{[%clk 0:01:05]} Be6 {[%clk 0:34:56]} 35. Nc1 {[%clk 0:01:10]} a4
{[%clk 0:30:37]} 36. Ke3 {[%clk 0:00:52]} a3 {[%clk 0:26:14]} 37. Kd2
{[%clk 0:00:33]} Ke7 {[%clk 0:22:20]} 38. Kc2 {[%clk 0:00:41]} Kf6
{[%clk 0:20:35]} 39. g4 {[%clk 0:00:46]} Kg5 {[%clk 0:20:35]} 40. Nd3
{[%clk 0:00:58]} Bxa2 {[%clk 0:19:59]} 41. Nxb4 {[%clk 0:01:26]} Bf7
{[%clk 0:20:13]} 42. Nc6 {[%clk 0:00:31]} Kf4 {[%clk 0:19:31]} 43. h4
{[%clk 0:00:46]} Bd5 {[%clk 0:16:48]} 44. Nd4 {[%clk 0:00:42]} g6
{[%clk 0:15:52]} 45. Kb1 {[%clk 0:00:33]} Ke3 {[%clk 0:15:22]} 46. Nc2+
{[%clk 0:00:45]} Kxf3 {[%clk 0:15:27]} 47. g5 {[%clk 0:01:06]} hxg5
{[%clk 0:14:42]} 48. hxg5 {[%clk 0:01:32]} Be4 {[%clk 0:15:04]} 49. Kc1
{[%clk 0:01:22]} Bxc2 {[%clk 0:15:16]} 50. Kxc2 {[%clk 0:01:48]} Kg4
{[%clk 0:15:42]} 51. Kb3 {[%clk 0:02:15]} Kxg5 {[%clk 0:15:55]} 52. Kxa3
{[%clk 0:02:40]} Kf4 {[%clk 0:16:17]} 53. Kb3 {[%clk 0:03:06]} Kf3
{[%clk 0:16:32]} 54. Kc3 {[%clk 0:03:32]} g5 {[%clk 0:16:53]} 55. Kd4 0-1

[Event "PervenstvoRT2015"]
[Site "?"]
[Date "2015.08.24"]
[Round "5.10"]
[White "Emir, Khafizov"]
[Black "Ilya, Krasov"]
[Result "0-1"]
[LiveChessVersion "1.4.6"]
[BlackElo "1798"]
[WhiteElo "1691"]

1. d4 {[%clk 1:30:56]} d5 {[%clk 1:30:56]} 2. Nf3 {[%clk 1:31:18]} Nf6
{[%clk 1:31:20]} 3. c4 {[%clk 1:31:43]} c6 {[%clk 1:31:47]} 4. Qc2
{[%clk 1:32:09]} g6 {[%clk 1:32:03]} 5. e3 {[%clk 1:32:29]} Bg7 {[%clk 1:32:28]}
6. Bd3 {[%clk 1:32:39]} O-O {[%clk 1:32:32]} 7. O-O {[%clk 1:33:05]} Nbd7
{[%clk 1:32:01]} 8. Nbd2 {[%clk 1:32:38]} Qc7 {[%clk 1:31:25]} 9. b3
{[%clk 1:32:36]} e5 {[%clk 1:22:08]} 10. dxe5 {[%clk 1:30:47]} Nxe5
{[%clk 1:22:33]} 11. Nxe5 {[%clk 1:29:47]} Qxe5 {[%clk 1:22:57]} 12. Bb2
{[%clk 1:30:08]} Qe7 {[%clk 1:23:14]} 13. Rae1 {[%clk 1:19:00]} Rd8
{[%clk 1:19:55]} 14. cxd5 {[%clk 1:07:54]} Nxd5 {[%clk 1:19:05]} 15. a3
{[%clk 1:06:24]} Be6 {[%clk 1:09:47]} 16. Bxg7 {[%clk 1:05:37]} Kxg7
{[%clk 1:10:03]} 17. Nc4 {[%clk 1:05:02]} Rac8 {[%clk 1:07:20]} 18. Rc1
{[%clk 1:04:23]} f6 {[%clk 1:02:28]} 19. b4 {[%clk 0:53:28]} c5 {[%clk 0:58:23]}
20. b5 {[%clk 0:46:30]} b6 {[%clk 0:57:46]} 21. Rfd1 {[%clk 0:46:27]} Rd7
{[%clk 0:57:13]} 22. Be2 {[%clk 0:43:56]} Rcd8 {[%clk 0:55:45]} 23. a4
{[%clk 0:43:39]} Nb4 {[%clk 0:54:29]} 24. Qb3 {[%clk 0:43:50]} Bd5
{[%clk 0:51:21]} 25. Ra1 {[%clk 0:40:12]} Qe4 {[%clk 0:41:13]} 26. Bf1
{[%clk 0:25:17]} Kh8 {[%clk 0:27:05]} 27. Rdc1 {[%clk 0:24:04]} Kg7
{[%clk 0:23:23]} 28. a5 {[%clk 0:22:24]} Bf7 {[%clk 0:22:29]} 29. axb6
{[%clk 0:22:04]} axb6 {[%clk 0:22:53]} 30. Qa4 {[%clk 0:20:47]} Nd3
{[%clk 0:17:50]} 31. Bxd3 {[%clk 0:09:44]} Qxd3 {[%clk 0:17:11]} 32. Nxb6
{[%clk 0:10:23]} Bb3 {[%clk 0:17:51]} 33. Qg4 {[%clk 0:10:46]} Rd6
{[%clk 0:17:38]} 34. Na4 {[%clk 0:08:47]} h5 {[%clk 0:12:12]} 35. Nxc5
{[%clk 0:00:43]} hxg4 {[%clk 0:12:21]} 36. Nxd3 {[%clk 0:01:09]} Rxd3
{[%clk 0:12:45]} 37. b6 {[%clk 0:01:29]} Rb8 0-1